Music Quiz

Random Music Quiz

Songs on Mother's Milk (RHCP Album) Quiz Stats

 Plays Quiz not verified by Sporcle

Support Sporcle.
Go Orange.
Score 0/13 Timer 05:00
0 Plays Today
% Correct
Higher Ground
93.3%
Knock Me Down
86.5%
Good Time Boys
84.6%
Sexy Mexican Maid
82.2%
Subway to Venus
81.3%
Magic Johnson
77.9%
Taste the Pain
76.9%
Fire
73.6%
Pretty Little Ditty
71.6%
Johnny, Kick a Hole In the Sky
71.2%
Nobody Weird Like Me
70.2%
Stone Cold Bush
68.3%
Punk Rock Classic
61.5%

You're not logged in!

Compare scores with friends on all Sporcle quizzes.
OR
Log In

From the Vault

One-Word Shakespeare Plays

by oldkent

Shakespeare knew that short titles could still pack a punch.
Remove Ads.
Support Sporcle.
Get the best of Sporcle when you Go Orange. This ad-free experience offers more features, more stats, and more fun while also helping to support Sporcle. Thank you for becoming a member.

Show Comments

Extras

Top Quizzes Today


Score Distribution

Your Account Isn't Verified!

In order to create a playlist on Sporcle, you need to verify the email address you used during registration. Go to your Sporcle Settings to finish the process.

Report this User

Report this user for behavior that violates our Community Guidelines.

Details: